[Event "Chigorin Memorial 2016"]
[Site "St Petersburg RUS"]
[Date "2016.10.19"]
[Round "5.97"]
[White "Hong, Xing"]
[Black "Orlov, Konstantin"]
[Result "1-0"]
[BlackTitle "FM"]
[WhiteElo "2013"]
[BlackElo "2222"]
[WhiteFideId "8606129"]
[BlackFideId "906352"]
[EventDate "2016.10.15"]

1. e4 c5 2. Nf3 Nc6 3. Nc3 d6 4. d4 cxd4 5. Nxd4 Nf6 6. Bg5 e6 7. Qd2 a6 8.
O-O-O Qc7 9. f4 Bd7 10. Be2 Be7 11. Bf3 O-O 12. Bxf6 gxf6 13. g4 Rac8 14. Kb1
Nxd4 15. Qxd4 Qc5 16. Qd2 b5 17. h4 b4 18. Ne2 a5 19. g5 a4 20. Rc1 Kh8 21. Ng3
a3 22. b3 Qc3 23. Qxc3 Rxc3 24. Rhf1 Bb5 25. Rf2 Rfc8 26. Be2 Bxe2 27. Nxe2 Re3
28. f5 e5 29. c4 bxc3 30. Rg2 fxg5 31. hxg5 Rg8 32. Nxc3 Rxg5 33. Rh2 Reg3 34.
Nd5 Bf8 35. Rc8 Rg1+ 36. Kc2 R1g2+ 37. Rxg2 Rxg2+ 38. Kd3 Rg8 39. Nf6 Rg3+ 40.
Kc4 Rg2 41. Rxf8+ Kg7 42. Rg8+ 1-0

[Event "Chigorin Memorial 2016"]
[Site "St Petersburg RUS"]
[Date "2016.10.19"]
[Round "5.98"]
[White "Sergeeva, Natalia"]
[Black "Nebolsina, Vera"]
[Result "1-0"]
[BlackTitle "WGM"]
[WhiteElo "2013"]
[BlackElo "2219"]
[WhiteFideId "4117743"]
[BlackFideId "4163591"]
[EventDate "2016.10.15"]

1. e4 g6 2. d4 Bg7 3. Be3 d6 4. f3 e6 5. Qd2 h6 6. Nc3 Ne7 7. O-O-O a6 8. h4 b5
9. g4 Bb7 10. Bg2 Nd7 11. h5 g5 12. f4 gxf4 13. Bxf4 e5 14. dxe5 Nxe5 15. Bxe5
Bxe5 16. Nf3 Nc6 17. Rhf1 Qd7 18. g5 O-O-O 19. gxh6 Qg4 20. Nd5 Kb8 21. Nxe5
Nxe5 22. Nf6 Qg3 23. b3 Nc6 24. Kb1 Qe5 25. Rf5 Qe7 26. Qf4 Ne5 27. Rf1 c5 28.
h7 c4 29. Ng8 Qc7 30. Nf6 Rc8 31. Qc1 Qa5 32. Rg5 cxb3 33. axb3 Nd3 34. cxd3
Rxc1+ 35. Rxc1 Rxh7 36. Nxh7 Qd2 37. Bf1 Qb4 38. Kc2 Bc8 39. Nf6 Be6 40. Nd5
Qc5+ 41. Kb1 1-0

[Event "Chigorin Memorial 2016"]
[Site "St Petersburg RUS"]
[Date "2016.10.19"]
[Round "5.99"]
[White "Obgolts, Erik"]
[Black "Zubova, Mariya"]
[Result "1/2-1/2"]
[BlackTitle "WFM"]
[WhiteElo "2217"]
[BlackElo "2051"]
[WhiteFideId "24199044"]
[BlackFideId "14118874"]
[EventDate "2016.10.15"]

1. Nf3 Nf6 2. g3 g6 3. Bg2 Bg7 4. d4 d5 5. O-O O-O 6. c4 c6 7. cxd5 cxd5 8. Ne5
Bf5 9. Nc3 Ne4 10. Bf4 f6 11. Nf3 Nc6 12. Nd2 Nxc3 13. bxc3 g5 14. e4 Be6 15.
Be3 Na5 16. Qf3 Qd7 17. Qd1 b6 18. Rc1 Rac8 19. exd5 Bxd5 20. Bxd5+ Qxd5 21. Qa4
Qc6 22. Qxc6 Rxc6 23. c4 Rfc8 24. c5 bxc5 25. dxc5 g4 26. Nb3 Nb7 27. Rc4 f5 28.
Rd1 R8c7 29. Rb4 Kf7 30. Kg2 Ke8 31. h3 h5 32. Rd3 e5 33. hxg4 hxg4 34. Rd1 Ke7
35. Rh1 Ke6 36. Rh7 Kd5 37. Rh5 Ke6 38. Rh7 Kf7 39. a4 Kg6 40. Rh1 Bf8 41. Rb5
Ra6 42. Rb4 Rac6 43. Rb5 Ra6 44. Rb4 Rac6 1/2-1/2

[Event "Chigorin Memorial 2016"]
[Site "St Petersburg RUS"]
[Date "2016.10.19"]
[Round "5.100"]
[White "Zavgorodniaya, Alena"]
[Black "Badelka, Olga"]
[Result "1-0"]
[WhiteElo "2011"]
[BlackElo "2209"]
[WhiteFideId "4169956"]
[BlackFideId "13509926"]
[EventDate "2016.10.15"]

1. e4 c5 2. Nf3 Nc6 3. Bb5 e6 4. O-O Nge7 5. Re1 Nd4 6. Nxd4 cxd4 7. d3 a6 8.
Ba4 b5 9. Bb3 Nc6 10. Nd2 Be7 11. Qh5 g6 12. Qg4 d6 13. f4 Na5 14. Nf3 Nxb3 15.
axb3 e5 16. Qg3 f6 17. fxe5 dxe5 18. Bh6 Qd7 19. Rf1 Qg4 20. Qf2 Qh5 21. Bg7 Rg8
22. Bxf6 Bxf6 23. Nxd4 exd4 24. Qxf6 Ra7 25. Qc6+ Kd8 26. Qb6+ Rc7 27. Qxd4+ Ke8
28. Qf2 Qc5 29. d4 Qxc2 30. Qf4 g5 31. Qe5+ Re7 32. Qd5 Be6 33. Qd6 Rf8 34.
Rxf8+ Kxf8 35. Qd8+ Re8 36. Rf1+ Bf7 37. Qf6 Qc7 38. Qh8+ Ke7 39. Rxf7+ 1-0

[Event "Chigorin Memorial 2016"]
[Site "St Petersburg RUS"]
[Date "2016.10.19"]
[Round "5.101"]
[White "Puraev, Artemiy"]
[Black "Altshul, Raffael"]
[Result "1-0"]
[BlackTitle "FM"]
[WhiteElo "2204"]
[BlackElo "2044"]
[WhiteFideId "24147869"]
[BlackFideId "4120280"]
[EventDate "2016.10.15"]

1. d4 Nf6 2. Nf3 g6 3. Nbd2 c5 4. dxc5 Qa5 5. c3 Qxc5 6. e4 d6 7. Bd3 Bg7 8. O-O
O-O 9. Qe2 Nc6 10. h3 Bd7 11. Re1 Ne5 12. Nxe5 Qxe5 13. Nc4 Qc5 14. Be3 Qc7 15.
Bf4 b5 16. Ne3 Rab8 17. Rac1 Be6 18. c4 bxc4 19. Bxc4 Bxc4 20. Nxc4 Qb7 21. e5
Nd5 22. Bg3 dxe5 23. Bxe5 Bxe5 24. Qxe5 Rfd8 25. Na5 Qxb2 26. Nc6 Qxe5 27. Rxe5
e6 28. Nxd8 Rxd8 29. Re4 Rd7 30. Ra4 Nb6 31. Ra6 Kf8 32. a4 Nd5 33. Rb1 Ke7 34.
Rc6 a5 35. Rc5 1-0

[Event "Chigorin Memorial 2016"]
[Site "St Petersburg RUS"]
[Date "2016.10.19"]
[Round "5.102"]
[White "Basyrov, Eduard"]
[Black "Shpartko, Grigory"]
[Result "0-1"]
[WhiteElo "2001"]
[BlackElo "2201"]
[WhiteFideId "4146140"]
[BlackFideId "24122254"]
[EventDate "2016.10.15"]

1. c4 c5 2. Nc3 Nc6 3. Nf3 Nf6 4. g3 d6 5. Bg2 Bd7 6. O-O Qc8 7. Re1 Bh3 8. Bh1
h5 9. d4 cxd4 10. Nxd4 h4 11. Nxc6 bxc6 12. Qa4 Bd7 13. c5 d5 14. e4 hxg3 15.
fxg3 e6 16. Qd4 Rb8 17. b4 a5 18. a3 Rh5 19. Bf4 Ra8 20. Bf3 Rh8 21. exd5 cxd5
22. Nxd5 Nxd5 23. Bxd5 axb4 24. axb4 Rxa1 25. Qxa1 Bxc5+ 26. Be3 Bxe3+ 27. Rxe3
Kf8 28. Ra3 Ke7 29. Ra8 Qc2 30. Rxh8 exd5 31. Qe5+ Be6 32. Qg5+ Kd6 33. Qd8+ Ke5
34. Qg5+ Kd6 35. Qf4+ Kd7 36. Rh4 Qd1+ 37. Qf1 Qd2 38. Qb5+ Ke7 39. Qc5+ Kd7 40.
Qf2 Qd1+ 41. Kg2 g5 42. Rd4 Qb1 43. Qd2 f6 44. h4 g4 45. Rxg4 Bxg4 46. Qxd5+ Ke7
47. Qc5+ Kf7 48. Qc7+ Kg6 49. Qf4 Qb2+ 50. Kg1 Qe2 51. Qf2 Qd1+ 52. Kg2 Bf5 53.
Qf4 Qe2+ 54. Kg1 Be4 55. Qf1 Qe3+ 56. Qf2 Qc1+ 57. Qf1 Qc3 58. h5+ Kf7 59. Qf4
Qe1+ 0-1

[Event "Chigorin Memorial 2016"]
[Site "St Petersburg RUS"]
[Date "2016.10.19"]
[Round "5.103"]
[White "Kuznetsov, Roman"]
[Black "Kuznetsov, Felix"]
[Result "0-1"]
[WhiteElo "1990"]
[BlackElo "2200"]
[WhiteFideId "24172367"]
[BlackFideId "34147990"]
[EventDate "2016.10.15"]

1. d4 f5 2. Nf3 Nf6 3. c3 g6 4. g3 Bg7 5. Bg2 O-O 6. O-O e6 7. Bg5 d6 8. Nbd2 h6
9. Bxf6 Bxf6 10. e4 c5 11. exf5 exf5 12. Nb3 Na6 13. Re1 Rb8 14. Qe2 Qc7 15.
Rad1 c4 16. Nbd2 b5 17. Nf1 Bb7 18. Qd2 Kg7 19. d5 Qb6 20. Nd4 Bxd4 21. Re7+ Rf7
22. Rxf7+ Kxf7 23. cxd4 Kg7 24. Re1 Qc7 25. Re6 Bc8 26. Re8 b4 27. Qe2 Rb7 28.
Ne3 c3 29. b3 Nb8 30. Nc4 a5 31. Bf1 Ra7 32. Nxd6 Qxd6 33. Rxc8 Re7 34. Qb5 Nd7
35. Qxa5 Nf6 36. Rc5 Qb8 37. Rc6 Ne4 38. Qa6 Kf7 39. d6 Rd7 40. Qc4+ Kf6 41. Qd5
Qe8 42. f4 Kg7 43. Bb5 Nxd6 44. Rxd6 Rxd6 45. Qxd6 Qxb5 46. Qe7+ Kg8 47. Kf2 Qc6
48. Qe1 c2 49. Qc1 Qe4 50. d5 Kf7 51. d6 Ke6 52. Qb2 Kxd6 53. a3 Kd5 54. Qc1
bxa3 55. Qxa3 Qd4+ 0-1

[Event "Chigorin Memorial 2016"]
[Site "St Petersburg RUS"]
[Date "2016.10.19"]
[Round "5.104"]
[White "Petrov, Dmitri"]
[Black "Tukaeva, Adelya"]
[Result "1-0"]
[WhiteElo "2200"]
[BlackElo "2025"]
[WhiteFideId "4503279"]
[BlackFideId "24174360"]
[EventDate "2016.10.15"]

1. e4 c5 2. Nf3 d6 3. d4 cxd4 4. Qxd4 Nc6 5. Bb5 a6 6. Bxc6+ bxc6 7. c4 e5 8.
Qd3 Nf6 9. O-O Be7 10. Nc3 Qc7 11. b4 O-O 12. Rb1 h6 13. h3 Be6 14. Be3 Nh5 15.
g4 Nf6 16. Rfc1 Qd7 17. Na4 Bxg4 18. Nb6 Qe6 19. Nh2 Bxh3 20. Nxa8 Ng4 21. Bd2
Nxf2 22. Kxf2 f5 23. Qxh3 fxe4+ 24. Kg3 1-0

[Event "Chigorin Memorial 2016"]
[Site "St Petersburg RUS"]
[Date "2016.10.19"]
[Round "5.105"]
[White "Reshetnikov, Ruslan"]
[Black "Tsaruk, Maksim"]
[Result "0-1"]
[WhiteElo "2196"]
[BlackElo "2003"]
[WhiteFideId "34102768"]
[BlackFideId "13511173"]
[EventDate "2016.10.15"]

1. d4 Nf6 2. c4 e6 3. Nc3 Bb4 4. e3 c5 5. Ne2 b6 6. a3 Ba5 7. Rb1 Na6 8. g3 Bb7
9. d5 exd5 10. Bg2 Rb8 11. cxd5 c4 12. O-O O-O 13. e4 Re8 14. Qd4 b5 15. Nxb5
Bb6 16. Qxc4 Rc8 17. Qa2 Nxe4 18. Bxe4 Rxe4 19. Nec3 Rg4 20. Be3 Bxe3 21. fxe3
Qg5 22. Rf3 Rc5 23. Rd1 h5 24. b4 Rc8 25. e4 Qg6 26. Qf2 h4 27. Qxa7 Rb8 28. Qe3
Re8 29. Qf2 Rc8 30. Re1 hxg3 31. Rxg3 Rxg3+ 32. Qxg3 Qb6+ 33. Qe3 Qg6+ 34. Kh1
Nc7 35. Rg1 Qf6 36. Qg5 Qf3+ 37. Qg2 Qf6 38. Nd6 Qxc3 39. Nxb7 Ne8 40. Qg3 Qd4
41. Re1 Rc3 42. Qg1 Qd2 43. Rd1 Qc2 44. e5 Rxa3 45. Nc5 Ra2 46. Ra1 Rb2 47. Qg3
Qd2 48. Ne4 Qxd5 49. Re1 Rb1 50. Kg2 Rxe1 51. Qxe1 f5 52. exf6 Nxf6 53. Kf3 Qf5+ 0-1

[Event "Chigorin Memorial 2016"]
[Site "St Petersburg RUS"]
[Date "2016.10.19"]
[Round "5.106"]
[White "Schetchikov, Vladimir"]
[Black "Konaplev, Anton"]
[Result "0-1"]
[WhiteTitle "FM"]
[WhiteElo "1967"]
[BlackElo "2185"]
[WhiteFideId "4131193"]
[BlackFideId "24165646"]
[EventDate "2016.10.15"]

1. c4 e6 2. g3 d5 3. Bg2 Nf6 4. cxd5 exd5 5. Nf3 Bd6 6. O-O O-O 7. d4 h6 8. b3
Bf5 9. Bb2 Re8 10. Ne5 c6 11. Nd2 Nbd7 12. f4 Ng4 13. Nxg4 Bxg4 14. Nf3 Bf5 15.
Ne5 f6 16. Nd3 Qe7 17. Rf2 Qe6 18. Qd2 a5 19. a3 a4 20. b4 Nb6 21. Bc1 Nc4 22.
Qc3 Be7 23. Nc5 Bxc5 24. bxc5 Ra5 25. g4 Bxg4 26. e4 f5 27. exd5 cxd5 28. Bf1
Rb5 29. Bxc4 dxc4 30. d5 Qe1+ 31. Qxe1 Rxe1+ 32. Kg2 Rxc5 33. Rd2 c3 34. Rd4 Re4
35. Rb4 Re2+ 36. Kg1 Rxd5 37. Be3 Rxe3 0-1

[Event "Chigorin Memorial 2016"]
[Site "St Petersburg RUS"]
[Date "2016.10.19"]
[Round "5.107"]
[White "Zlatin, Alexander"]
[Black "Aseeva, Anastasia"]
[Result "1/2-1/2"]
[WhiteElo "2182"]
[BlackElo "1969"]
[WhiteFideId "2810549"]
[BlackFideId "4184971"]
[EventDate "2016.10.15"]

1. e4 c6 2. d4 d5 3. e5 Bf5 4. Nf3 e6 5. Be2 h6 6. O-O Nd7 7. Nbd2 Ne7 8. Nb3
Nc8 9. Re1 Be7 10. a4 O-O 11. Bd3 Bxd3 12. Qxd3 c5 13. dxc5 Nxc5 14. Nxc5 Bxc5
15. Nd4 Ne7 16. Nb3 Bb6 17. a5 Bc7 18. a6 bxa6 19. Bd2 Ng6 20. Bc3 Qg5 21. Qg3
Qxg3 22. hxg3 Bb6 23. Rxa6 Rac8 24. Ra4 Ne7 25. Bb4 Rfe8 26. Bxe7 Rxe7 27. c3
Rb7 28. Nc1 Rbc7 29. Ne2 Rc4 30. Rea1 R8c5 31. Kf1 Rb5 32. b4 d4 33. cxd4 Bxd4
34. Nxd4 Rxd4 35. Rxa7 Rdxb4 36. R7a5 Kh7 37. Rxb5 Rxb5 38. Re1 Kg6 39. Re3 Kf5
40. Rf3+ Kg6 41. Re3 Kf5 42. g4+ Kg6 43. Ke2 Kg5 44. Re4 Rb2+ 45. Kf3 Rb3+ 46.
Ke2 Rb2+ 47. Ke3 Rb3+ 48. Kd2 Rb2+ 1/2-1/2

[Event "Chigorin Memorial 2016"]
[Site "St Petersburg RUS"]
[Date "2016.10.19"]
[Round "5.108"]
[White "Scheglov, Dmitry"]
[Black "Janiashvili, Irakli"]
[Result "0-1"]
[WhiteElo "1953"]
[BlackElo "2171"]
[WhiteFideId "34145750"]
[BlackFideId "13603876"]
[EventDate "2016.10.15"]

1. e4 e6 2. d4 d5 3. Nd2 Nf6 4. Bd3 c5 5. c3 Nc6 6. Ngf3 cxd4 7. cxd4 Bb4 8. e5
Ne4 9. O-O Bxd2 10. Nxd2 Nxd2 11. Bxd2 Qb6 12. Bc3 Bd7 13. Qg4 g6 14. Qh4 Qd8
15. Qh6 Qe7 16. a3 a6 17. b4 f5 18. exf6 Qxf6 19. a4 Rc8 20. Rfd1 Na5 21. Bd2
Nc4 22. Bg5 Qf8 23. Qh3 Nb2 24. Re1 Qf7 25. Be2 O-O 26. f4 Nc4 27. Bg4 Rfe8 28.
Qd3 Nd6 29. Bf3 Rc4 30. Ra2 Nf5 31. g4 Nxd4 32. Bg2 Qg7 33. Bh4 Nc6 34. Rf2 Nxb4
35. Qb1 Rec8 36. f5 gxf5 37. Bg3 Qxg4 38. Bf3 Qd4 39. Be5 Qc5 40. Kf1 Be8 41.
Qb2 Rc1 42. Rxc1 Qxc1+ 43. Kg2 Qxb2 44. Bxb2 Nd3 45. Rd2 Nxb2 46. Rxb2 Bc6 47.
Kg3 Kf7 48. a5 Kf6 49. Rd2 e5 50. Kh4 e4 51. Bd1 Rg8 52. Kh5 f4 53. Kh6 f3 54.
Kxh7 Rg2 55. Rd4 Rxh2+ 56. Kg8 Bd7 57. Bxf3 Be6+ 0-1

[Event "Chigorin Memorial 2016"]
[Site "St Petersburg RUS"]
[Date "2016.10.19"]
[Round "5.109"]
[White "Shirshov, Nikolay"]
[Black "Scott, Gordon W"]
[Result "0-1"]
[WhiteElo "1945"]
[BlackElo "2168"]
[WhiteFideId "34126454"]
[BlackFideId "419559"]
[EventDate "2016.10.15"]

1. Nf3 g6 2. c4 Bg7 3. Nc3 Nf6 4. g3 O-O 5. Bg2 c6 6. O-O d6 7. Rb1 d5 8. b3 Re8
9. Bb2 e5 10. cxd5 cxd5 11. d3 Nc6 12. Na4 b6 13. Rc1 Bb7 14. a3 d4 15. Nxd4
exd4 16. Rxc6 Bxc6 17. Bxc6 Nd7 18. Bxa8 Qxa8 19. Bc1 Qd5 20. Qc2 Nf6 21. Re1
Qd7 22. Nb2 b5 23. Bg5 Nd5 24. Qd2 Qh3 25. Nd1 Re5 26. Qa5 h6 27. Qd8+ Kh7 28.
f4 Ne3 29. Nxe3 Rxe3 30. Bh4 Qe6 31. Qc7 Rxd3 32. f5 gxf5 33. Qxa7 Rxb3 34. Kf1
Re3 35. Qc5 d3 36. Qxb5 Rxe2 37. Rd1 Qe4 0-1

[Event "Chigorin Memorial 2016"]
[Site "St Petersburg RUS"]
[Date "2016.10.19"]
[Round "5.110"]
[White "Lepaev, Andrey"]
[Black "Privalov, Igor"]
[Result "1/2-1/2"]
[WhiteElo "1935"]
[BlackElo "2163"]
[WhiteFideId "34135674"]
[BlackFideId "34123013"]
[EventDate "2016.10.15"]

1. e4 c5 2. Nf3 Nc6 3. Bb5 g6 4. O-O Bg7 5. c3 Nf6 6. Re1 O-O 7. h3 a6 8. Bxc6
dxc6 9. d4 Nd7 10. Be3 b6 11. e5 e6 12. Bg5 Qe8 13. Qd2 Bb7 14. Na3 cxd4 15.
cxd4 c5 16. Nc4 Bxf3 17. gxf3 cxd4 18. Qxd4 Nxe5 19. Nxe5 f6 20. Bxf6 Rxf6 21.
Qxb6 Rf5 22. Nc4 Rxf3 23. Rxe6 Qc8 24. Kg2 Rf4 25. Ne3 Rb8 26. Qd6 Rxb2 27. Qxf4
Qxe6 28. Rd1 Qc6+ 29. Kg1 h5 30. a3 Kh7 31. Rf1 Rb3 32. a4 Ra3 33. Qc4 Qxc4 34.
Nxc4 Rxa4 35. Ne3 g5 36. Rb1 Ra1 37. Rxa1 Bxa1 38. Nc4 Kg6 39. Kg2 Bc3 40. Kf3
a5 41. Kg3 Be1 42. Nb6 Kf5 43. Kf3 Ke5 44. Ke3 Bc3 45. Nc4+ Kd5 46. Kd3 Bd4 47.
Nxa5 Bxf2 48. Nb3 Bb6 49. Nd2 Ke5 50. Nf3+ Kf4 51. Ke2 g4 52. hxg4 hxg4 53. Nh2
g3 54. Kf1 gxh2 55. Kg2 1/2-1/2

[Event "Chigorin Memorial 2016"]
[Site "St Petersburg RUS"]
[Date "2016.10.19"]
[Round "5.111"]
[White "Ismagilov, Damir"]
[Black "Pogosian, Vladimir"]
[Result "1-0"]
[WhiteElo "1927"]
[BlackElo "2159"]
[WhiteFideId "34199982"]
[BlackFideId "13301586"]
[EventDate "2016.10.15"]

1. d4 Nf6 2. c4 e5 3. dxe5 Ng4 4. Bf4 Bb4+ 5. Nd2 d6 6. exd6 Qf6 7. e3 Qxb2 8.
Nf3 Bf5 9. a3 Bc3 10. Rc1 Qxa3 11. Nd4 Bxd4 12. exd4 O-O 13. Be2 Nf6 14. dxc7
Na6 15. O-O Ne8 16. g4 Bc8 17. Ra1 Qe7 18. Rxa6 bxa6 19. Bf3 g5 20. Bg3 Bxg4 21.
Bxg4 Nxc7 22. Re1 Qd8 23. Bf5 f6 24. Qh5 Rf7 25. d5 Rg7 26. d6 Ne8 27. Ne4 Qa5
28. Nc3 Qd8 29. c5 Kf8 30. d7 Rxd7 31. Bxd7 Qxd7 32. Ne4 Ng7 33. Nxf6 Nxh5 34.
Nxd7+ Kf7 35. Bd6 Nf4 36. Re7+ Kg6 37. Bxf4 gxf4 38. Re6+ Kf5 39. Rxa6 Ke4 40.
c6 Rc8 41. Nc5+ Kd5 42. Nd3 f3 43. Rxa7 Rb8 44. h4 Kxc6 45. Ne5+ Kd5 46. Nxf3 h6
47. Re7 Rg8+ 48. Kh2 Rf8 49. Re3 Rf6 50. Kh3 Re6 51. Nh2 Kd4 52. Ng4 Ra6 53. Rf3
Ke4 54. Rf6 Ra3+ 55. f3+ Kd3 56. Nxh6 1-0

[Event "Chigorin Memorial 2016"]
[Site "St Petersburg RUS"]
[Date "2016.10.19"]
[Round "5.113"]
[White "Rubtsov, Aleksandr"]
[Black "Azimov, Ilyas"]
[Result "0-1"]
[WhiteElo "1844"]
[BlackElo "2151"]
[WhiteFideId "34179272"]
[BlackFideId "24175226"]
[EventDate "2016.10.15"]

1. e4 c5 2. Nf3 d6 3. d4 cxd4 4. Nxd4 Nf6 5. Nc3 a6 6. Be3 e5 7. Nb3 Be6 8. f3
Be7 9. Qd2 b5 10. O-O-O O-O 11. g4 Nbd7 12. h4 Nb6 13. Bxb6 Qxb6 14. Nd5 Nxd5
15. exd5 Bd7 16. Bd3 a5 17. Kb1 b4 18. Qe2 f5 19. gxf5 Bxf5 20. Nd4 Bxd3 21.
Rxd3 exd4 22. Qxe7 Rae8 23. Qg5 Rf6 24. h5 Re5 25. Qg4 Qc5 26. Rxd4 h6 27. Rhd1
Qb5 28. f4 Re7 29. Qc8+ Kh7 30. b3 Qe2 31. Rh1 Qf3 32. Qh3 Re1+ 33. Kb2 Qxh1 34.
Qd3+ Kh8 35. c3 Qh2+ 0-1

[Event "Chigorin Memorial 2016"]
[Site "St Petersburg RUS"]
[Date "2016.10.19"]
[Round "5.114"]
[White "Feduk, Viktor"]
[Black "Don, Aleksandr"]
[Result "1-0"]
[WhiteElo "2150"]
[BlackElo "1856"]
[WhiteFideId "4173368"]
[BlackFideId "44153406"]
[EventDate "2016.10.15"]

1. e4 c5 2. c3 e6 3. d4 d5 4. exd5 exd5 5. Nf3 Nc6 6. Bb5 Bd6 7. O-O Ne7 8. dxc5
Bxc5 9. Nbd2 O-O 10. Nb3 Bb6 11. Re1 h6 12. Be3 Be6 13. Nc5 Nf5 14. Nxe6 fxe6
15. Bxb6 Qxb6 16. Bxc6 Qxc6 17. Re5 Rf6 18. Qe2 g6 19. Re1 Re8 20. g4 Ng7 21. g5
hxg5 22. Rxg5 Ref8 23. Ne5 Qe8 24. Qg4 Kh7 25. Re3 Nh5 26. Nxg6 Qxg6 27. Rxh5+
Kg7 28. Rg5 Kf7 29. Rxg6 Rxg6 30. Rf3+ 1-0

[Event "Chigorin Memorial 2016"]
[Site "St Petersburg RUS"]
[Date "2016.10.19"]
[Round "5.115"]
[White "Tsao, Yui"]
[Black "Fomin, Andrey"]
[Result "0-1"]
[WhiteElo "1768"]
[BlackElo "2150"]
[WhiteFideId "6001114"]
[BlackFideId "4162447"]
[EventDate "2016.10.15"]

1. b3 e5 2. Bb2 Nc6 3. e3 g6 4. f4 Bg7 5. Nf3 d6 6. Bb5 Ne7 7. O-O O-O 8. d4 Bg4
9. dxe5 dxe5 10. Qxd8 Raxd8 11. Nbd2 a6 12. Bxc6 Nxc6 13. Nc4 Bxf3 14. Rxf3 e4
15. Rf2 b5 16. Bxg7 Kxg7 17. Nd2 f5 18. a4 Nb4 19. axb5 axb5 20. Ra7 Rf7 21. Re2
Nd5 22. Nf1 Nc3 23. Re1 c6 24. Ra6 Rc7 25. Rea1 Nd5 26. c4 Nb4 27. Ra7 Rdd7 28.
Ra8 Nc2 29. Rc1 Nb4 30. cxb5 cxb5 31. Rxc7 Rxc7 32. Rb8 Rc5 33. Nd2 Rc1+ 34. Nf1
Nd5 35. Kf2 b4 36. Rd8 Rd1 37. Rc8 Rd3 38. Rc5 Nf6 39. Rc7+ Kf8 40. Ke2 Rxb3 41.
Nd2 Rxe3+ 42. Kxe3 Nd5+ 43. Kd4 Nxc7 44. Kc4 Na6 45. Nb3 Ke7 46. Nd4 Kd6 47. Kb5
Kd5 48. Ne2 b3 0-1

[Event "Chigorin Memorial 2016"]
[Site "St Petersburg RUS"]
[Date "2016.10.19"]
[Round "5.116"]
[White "Nasybullina, Alfia"]
[Black "Vorobyova, Valeriya"]
[Result "1-0"]
[WhiteTitle "WFM"]
[WhiteElo "2149"]
[BlackElo "1830"]
[WhiteFideId "4132416"]
[BlackFideId "34130290"]
[EventDate "2016.10.15"]

1. d4 Nf6 2. c4 g6 3. Nc3 d5 4. cxd5 Nxd5 5. e4 Nxc3 6. bxc3 Bg7 7. Bc4 c5 8.
Ne2 O-O 9. Be3 Qa5 10. O-O cxd4 11. cxd4 Nc6 12. Rc1 Bd7 13. Bb3 Qd8 14. d5 Na5
15. Bd4 Bb5 16. Bxg7 Kxg7 17. Re1 Bxe2 18. Rxe2 Rc8 19. Rxc8 Qxc8 20. Rc2 Qd7
21. Qd4+ Kg8 22. Qxa7 Qb5 23. Qe3 Ra8 24. g3 Qb4 25. Kg2 Nxb3 26. axb3 Ra3 27.
Rc8+ Kg7 28. Qc3+ Qxc3 29. Rxc3 Kf6 30. f4 Ra2+ 31. Kf3 Rb2 32. h3 h5 33. e5+
Kg7 34. Ke4 b6 35. Rd3 Kf8 36. Kd4 Rc2 37. Rc3 Rd2+ 38. Kc4 h4 39. gxh4 Rf2 40.
Kb5 Rxf4 41. Rc8+ Kg7 42. d6 exd6 43. exd6 Rd4 44. Kc6 1-0

[Event "Chigorin Memorial 2016"]
[Site "St Petersburg RUS"]
[Date "2016.10.19"]
[Round "5.118"]
[White "Drogovoz, Irina"]
[Black "Zhemchuzhina, Elizaveta"]
[Result "1-0"]
[WhiteTitle "WIM"]
[WhiteElo "2144"]
[BlackElo "1825"]
[WhiteFideId "4176715"]
[BlackFideId "34106607"]
[EventDate "2016.10.15"]

1. d4 Nf6 2. c4 e6 3. Nf3 b6 4. e3 Bb7 5. Bd3 d5 6. b3 Bd6 7. O-O O-O 8. Bb2
Nbd7 9. Qe2 Qe7 10. Ne5 c5 11. Nd2 Ne4 12. Rad1 Rad8 13. Bb1 f5 14. f3 Nxd2 15.
Rxd2 cxd4 16. Nxd7 Qxd7 17. exd4 Rf6 18. Rc2 Qc7 19. h3 Qf7 20. c5 Bc7 21. Bc1
bxc5 22. Bg5 cxd4 23. Bxf6 gxf6 24. Rxc7 Qxc7 25. Qxe6+ Qf7 26. Qxf5 Re8 27. Bd3
Qg7 28. Qf4 Bc8 29. Kh2 Qg5 30. Qxd4 Qe5+ 31. Qxe5 fxe5 32. Rc1 Bb7 33. Rc7 e4
34. fxe4 dxe4 35. Bc4+ 1-0

[Event "Chigorin Memorial 2016"]
[Site "St Petersburg RUS"]
[Date "2016.10.19"]
[Round "5.119"]
[White "Bajarani, Ulvi"]
[Black "Matchenya, Ivan"]
[Result "1-0"]
[WhiteTitle "GM"]
[WhiteElo "2512"]
[BlackElo "1812"]
[WhiteFideId "13403028"]
[BlackFideId "34120120"]
[EventDate "2016.10.15"]

1. Nf3 Nc6 2. d4 d6 3. e4 Nf6 4. Nc3 g6 5. Bb5 a6 6. Bxc6+ bxc6 7. h3 Bg7 8. O-O
O-O 9. Re1 Nd7 10. Be3 f6 11. Qd3 Bb7 12. Rad1 e5 13. Ne2 Kh8 14. Ng3 d5 15.
dxe5 fxe5 16. c3 Qe7 17. Qd2 Rae8 18. Bh6 Qd6 19. Nh2 Nf6 20. Bxg7+ Kxg7 21. Re3
Rd8 22. Qe1 Rfe8 23. Nf3 Nd7 24. Qe2 Re7 25. Re1 Rde8 26. b4 Qf6 27. Nh2 Kh8 28.
Ng4 Qg7 29. h4 Nf6 30. Nxf6 Qxf6 31. h5 Re6 32. Qg4 R8e7 33. h6 Qf4 34. Qh3 Qg5
35. Rf3 Rf6 36. Rxf6 Qxf6 37. Re3 Re8 38. Qd7 Qe7 39. Qxe7 Rxe7 40. exd5 cxd5
41. f4 e4 42. Ne2 Kg8 43. Kf2 Kf7 44. g4 Bc8 45. Kg3 Bd7 46. Nd4 Kf6 47. g5+ Kf7
48. Kf2 Re8 49. Nb3 Ke7 50. Re1 Kd6 51. Ke3 Rf8 52. c4 c6 53. Rd1 Rb8 54. a3 Rd8
55. Nc5 Bc8 56. Nxe4+ Ke6 57. Nf6 Rh8 58. cxd5+ cxd5 59. Rxd5 1-0

[Event "Chigorin Memorial 2016"]
[Site "St Petersburg RUS"]
[Date "2016.10.19"]
[Round "5.120"]
[White "Martynov, Pavel2"]
[Black "Zaika, Daniil"]
[Result "1-0"]
[WhiteTitle "FM"]
[WhiteElo "2374"]
[BlackElo "2038"]
[WhiteFideId "4122186"]
[BlackFideId "44131186"]
[EventDate "2016.10.15"]

1. d4 d5 2. Nf3 e6 3. g3 c5 4. Bg2 Nf6 5. O-O Nc6 6. c4 Be7 7. cxd5 exd5 8. Nc3
c4 9. b3 cxb3 10. Qxb3 O-O 11. Bg5 Na5 12. Qc2 Be6 13. Rfc1 Rc8 14. Qd3 Nc4 15.
Rab1 Nd6 16. Qd1 Qa5 17. Bd2 Qa6 18. Ne5 Nfe4 19. Be1 Nxc3 20. Bxc3 Ne4 21. Be1
Ba3 22. Rxc8 Rxc8 23. Qb3 Bd6 24. Nd3 b6 25. f3 Nf6 26. Qb2 Rc4 27. Bf2 Ra4 28.
Ra1 Bf5 29. Ne5 Rb4 30. Qd2 Qb5 31. g4 Rb2 32. Qe1 Rxe2 33. Qf1 Be6 34. Rb1 1-0